Využitie pyramídovej sústavy ukazovateľov
Podrobná finančno-ekonomická analýza ziskovosti rentability celkového kapitálu vo výrobnom podnikateľskom subjekte v odvetví elektrotechnického priemyslu. Pre kvantifikáciu vplyvu jednotlivých komponentov finančnej rovnováhy boli aplikované vhodne metódy pre jednotlivé väzby medzi indikátormi.
Saved in:
| Main Author: | |
|---|---|
| Format: | Book Chapter |
| Language: | Slovak |
| Subjects: | |
| Tags: |
No Tags, Be the first to tag this record!
|
MARC
| LEADER | 00000nla a2200000 4500 | ||
|---|---|---|---|
| 001 | 0222791 | ||
| 005 | 20240417075108.7 | ||
| 041 | 0 | |a slo | |
| 044 | |a SK | ||
| 245 | 1 | 0 | |a Využitie pyramídovej sústavy ukazovateľov |c Sylvia Jenčová |
| 520 | |a Podrobná finančno-ekonomická analýza ziskovosti rentability celkového kapitálu vo výrobnom podnikateľskom subjekte v odvetví elektrotechnického priemyslu. Pre kvantifikáciu vplyvu jednotlivých komponentov finančnej rovnováhy boli aplikované vhodne metódy pre jednotlivé väzby medzi indikátormi. | ||
| 610 | 2 | 0 | |a analýza faktorová |
| 610 | 2 | 0 | |a rentabilita podniku |
| 610 | 2 | 0 | |a kapitál podnikový |
| 610 | 2 | 0 | |a zisk |
| 610 | 2 | 0 | |a stabilita finančná |
| 610 | 2 | 0 | |a prostredie podnikateľské |
| 100 | 1 | |a Jenčová, Sylvia | |